2020 albums by album cover - Statistics

General Stats
  • This quiz has been taken 8 times
  • The average score is 6 of 16
Answer Stats
Picture Answer % Correct
After Hours
88%
Whole Lotta Red
63%
Dark Lane Demo Tapes
50%
Changes
38%
Fake it Flowers
38%
Manic
38%
THE ALBUM
38%
Chilombo
25%
Featuring Ty Dolla $ign
25%
Heaven or Hell
25%
High Off Life
25%
It Was Good Until It Wasn't
25%
My Turn
25%
Pluto x Baby Pluto
25%
Sin Miedo
25%
Slime & B
25%
No matching quizzes found
Score Distribution
Percent of People with Each Score
Percentile by Number Answered
Your Score History
You have not taken this quiz